000 00330cam a2200121 4500
008 070425n2006 000 0 eng u
020 _a0728203693
035 _a(Sirsi) u137723
100 1 _aEnever, Nigel
245 _aTha valuation of property investments
260 _aEstates Gazette Ltd; 6Rev Ed edition
_c2006
942 _n0
999 _c116306
_d116306